LEADER 01205nam a2200289 a 4500 001 000000122773 003 CaOOAMICUS 005 20100923085434.0 008 100826t2009 it u000 u ita r 020 $a978-88-308-0985-7 040 $aPUL$bita$dReb 082 04$a248.2 100 1 $aCiccotti, Paolo.$0(OLS)http://pul/name/77140 245 13$aIl discernimento :$bun ritorno inaspettato? /$cPaolo Ciccotti. 260 $aAssisi :$bCittadella,$c©2009. 300 $a411 p. ;$c21 cm. 490 1 $aStudi e ricerche. Sezione teologica 504 $aBibliografia : p. [379]-401. 650 4$aTeologia morale.$0(OLS)http://pul/subject/1500 830 0$aStudi e ricerche (Cittadella).$pSezione teologica.$0(OLS)http://pul/title/143126 850 $aPUL 852 $aPUL$W1$xSL Religione 3$y85$m248. 2 CICPA 1$j141007$qDDC 21$B140087$CPULBib$Z2$F140087 $H114106 $82 941 1 $a9 996 $6020$a978-88-308-0985-7$9(OLS)http://pul/number/145194 996 $6082$a248.2$9(OLS)http://pul/classification/435 996 $6245$aIl discernimento :$bun ritorno inaspettato?$9(OLS)http://pul/title/154757 996 $6260$aAssisi :$bCittadella$9(OLS)http://pul/publisher/49668 LEADER 01236nam a2200265 a 4500 001 000000141672 003 CaOOAMICUS 005 20150209124930.0 008 150209s1964 it u000 u ita r 040 $aPUL$bita 100 1 $aFederici Vescovini, Graziella.$0(OLS)http://pul/name/6131 245 10$aStudi sulla prospettiva medievale /$cGraziella Federici Vescovini. 260 $aTorino :$bGiappichelli$g1964 300 $a286 p. ;$c25 cm 490 1 $aPubblicazioni della Facoltą di Lettere e Filosofia (Universitą di Torino) ;$v16, fasc. 1 500 $aComprende indici. 650 4$aProspettiva$yEvo medio.$0(OLS)http://pul/subject/41243 710 2 $aUniversitą degli studi di Torino.$bFacoltą di lettere e filosofia.$0(OLS)http://pul/name/10654 830 0$aPubblicazioni della Facoltą di Lettere e Filosofia (Universitą di Torino) ;$v16 fasc. 1.$0(OLS)http://pul/title/11506 850 $aPUL 852 $aPUL$W1$xDP1 Fondo Capitani$y116$m9 A 24$j44582$qFondi$B163495$CPULBib$Z2$F163495 $HCap677 $82 941 1 $a1 996 $6245$aStudi sulla prospettiva medievale$9(OLS)http://pul/title/179310 996 $6260$aTorino :$bGiappichelli$9(OLS)http://pul/publisher/48244